000 00463nam a2200181Ia 4500
003 GCL
008 140319s9999 xx 000 0 eng d
040 _aGCL /
_cGCL
082 0 4 _a843
_bR C
100 1 _aROUSSEAU, JEAN JACQUES
245 1 0 _aLES CONFESSIONS II /
_cROUSSEAU, JEAN JACQUES
260 _a[S.N] :
_bFOLIO ،
_c1993
300 _a499 P
490 _aCOLLECTION FOLIO
_v0
650 0 4 _aLITERATURE
650 0 4 _aFRENCH LITERATURE
942 _2ddc
_cBK
999 _c22311
_d22311